000
00205 a2200097 4500
001
4608
100
_a
Wylie,C.R
245
_a
Adv engineering matematics
260
_a
_b
Mcgrawhill
_c
090
_c
3802
_d
3802
942
_a
NUST-CAE
_c
M
_c
30048
999
_c
239681
_d
239681